Normal view
MARC view
- Educational statistics.
Entry Topical Term
001 - CONTROL NUMBER
- control field: 11145
003 - CONTROL NUMBER IDENTIFIER
- control field: NUST
005 - DATE AND TIME OF LATEST TRANSACTION
- control field: 20180620081327.0
008 - FIXED-LENGTH DATA ELEMENTS
- fixed length control field: 180620|| aca||aabn | a|a d
040 ## - CATALOGING SOURCE
- Original cataloging agency: NUST
- Transcribing agency: NUST
150 ## - HEADING--TOPICAL TERM
- Topical term or geographic name entry element: Educational statistics.
670 ## - SOURCE DATA FOUND
- Source citation: Work cat.: (NUST)0: Minium, Edward W., 1917- 11144, Statistical reasoning in psychology and education /, c1993.
